the cornstarch used to help latex rubber gloves slip on may be a problem (Record no. 70545)

MARC details
000 -LEADER
fixed length control field 00392nam a2200133Ia 4500
100 ## - MAIN ENTRY--AUTHOR NAME
Personal name Tomazic V J
245 #4 - TITLE STATEMENT
Title the cornstarch used to help latex rubber gloves slip on may be a problem
260 ## - PUBLICATION, DISTRIBUTION, ETC. (IMPRINT)
Name of publisher Journal of Allergy and Clinical Immunology
Year of publication 1994
300 ## - PHYSICAL DESCRIPTION
Number of Pages 751
500 ## - GENERAL NOTE
General note Source Year: 1995
856 ## - ELECTRONIC LOCATION AND ACCESS
Uniform Resource Identifier irrdb
942 ## - ADDED ENTRY ELEMENTS (KOHA)
Koha item type Journals
Holdings
Withdrawn status Lost status Damaged status Not for loan Home library Current library Shelving location Date acquired Serial Enumeration / chronology Koha item type
      Journals RRII Library RRII Library Rubber chemistry 17/12/2021 Volume 93, Issue 4 Journals